Fulfilling social and economic rights

Saved in:
Bibliografiske detaljer
Main Authors: Fukuda-Parr, Sakiko (Author), Lawson-Remer, Terra (Author), Randolph, Susan (Author)
Format: Bog
Sprog:engelsk
Udgivet: Oxford, United Kingdom Oxford University Press 2015
Fag:
Online adgang:Disponible Online
Tags: Tilføj Tag
Ingen Tags, Vær først til at tagge denne postø!

MARC

LEADER 00000cam a2200000 a 4500
001 UCC9109
003 CL-VaPUC
005 20211005074617.0
008 190904e20150000uk |||||||||||||||||eng|d
999 |c 375303  |d 375301 
020 |a 9780199735518 
040 |c Pontificia Universidad Católica de Valparaíso 
082 0 4 |a 323 FUK 2015  |2 21 
100 0 |a Fukuda-Parr, Sakiko  |e author  |9 603976 
245 1 0 |a Fulfilling social and economic rights 
260 |a Oxford, United Kingdom   |b Oxford University Press  |c 2015 
300 |a 272 páginas  
583 |a last modification  |c 20190904 15:40:00  |k Rodrigo Vera 
650 0 |a Derechos humanos  |9 223025 
650 0 |a Libertad  |9 255686 
650 0 |a Crecimiento económico  |9 314037 
700 0 |a Lawson-Remer, Terra  |e author  |9 603977 
700 0 |a Randolph, Susan  |e author  |9 603978 
856 |u https://oxford-universitypressscholarship-com.pucv.idm.oclc.org/view/10.1093/acprof:oso/9780199735501.001.0001/acprof-9780199735501?rskey=m76vuU&result=2  |y Disponible Online  
942 |c BK  |2 ddc 
945 |d 20190904 15:40:00  |a dcastane 
952 |0 0  |1 0  |3 erb  |4 0  |6 323_000000000000000_FUK_2015  |7 0  |8 WP_COW  |9 561251  |a BIBDER  |b BIBDER  |e Fundación W and P Cowley  |i 5598923  |o 323 FUK 2015  |p 5598923  |r 2023-01-25  |w 2020-03-12  |y BK  |z Catalogado en:20190904  |k WPC